[Event "XXVIII Festival A"]
[Site "Arco ITA"]
[Date "2006.10.26"]
[Round "6"]
[White "Moratto, Davide"]
[Black "La Malfa, Stelio"]
[Result "0-1"]
[WhiteElo "1831"]
[BlackElo "1879"]
[PlyCount "144"]
[EventDate "2006.10.21"]

1. e4 e6 2. d4 d5 3. Nc3 Bb4 4. Qg4 Qf6 5. e5 Qg6 6. Qxg6 hxg6 7. Bd2 Ne7 8. a3
Bxc3 9. Bxc3 b6 10. Nf3 c5 11. Bb5+ Nbc6 12. g4 Bd7 13. h4 f6 14. O-O-O fxe5
15. Bxc6 Nxc6 16. Nxe5 Nxe5 17. dxe5 d4 18. Bd2 Bc6 19. Rh2 Bf3 20. Rg1 Kd7 21.
Rg3 Bd5 22. h5 Raf8 23. f4 Rf7 24. Rgh3 g5 25. Rf2 gxf4 26. Rxf4 Rxf4 27. Bxf4
Rf8 28. Bg3 Rf1+ 29. Kd2 Bf3 30. Be1 Bxg4 31. Rg3 Rf4 32. c3 Kc6 33. cxd4 Rxd4+
34. Kc3 Kd5 35. Kb3 b5 36. Bc3 Rc4 37. Rd3+ Ke4 38. Rd7 Ra4 39. Rxg7 Bxh5 40.
Kc2 b4 41. axb4 cxb4 42. Kb3 Bd1+ 43. Kc4 bxc3+ 44. Kxc3 Kxe5 45. Rh7 Bg4 46.
Rf7 Bf5 47. b4 Ra3+ 48. Kb2 Ra6 49. Kb3 Be4 50. b5 Rb6 51. Kc4 a6 52. bxa6 Rxa6
53. Rf8 Rd6 54. Kc5 Rd1 55. Rf2 Rc1+ 56. Kb4 Kd4 57. Kb3 e5 58. Rf8 Bd5+ 59.
Kb2 Re1 60. Kc2 Re2+ 61. Kd1 Rh2 62. Rd8 e4 63. Ke1 e3 64. Rd7 Ke4 65. Kf1 Bc4+
66. Kg1 Rd2 67. Re7+ Kf3 68. Re8 Rd1+ 69. Kh2 e2 70. Rf8+ Kg4 71. Re8 e1=Q 72.
Re4+ Kf5 0-1

[Event "XXVIII Festival A"]
[Site "Arco ITA"]
[Date "2006.10.26"]
[Round "6"]
[White "Murli, Almerico"]
[Black "Acunzo, Domenico"]
[Result "1/2-1/2"]
[WhiteElo "1889"]
[BlackElo "1778"]
[PlyCount "96"]
[EventDate "2006.10.21"]

1. e4 e6 2. d4 d5 3. Nd2 c5 4. exd5 exd5 5. Ngf3 Bd6 6. Bb5+ Nc6 7. Qe2+ Nge7
8. dxc5 Bxc5 9. Nb3 Bb6 10. O-O O-O 11. Be3 Bg4 12. h3 Bh5 13. Bxb6 Qxb6 14.
Bd3 h6 15. Rfe1 Rad8 16. c3 Nc8 17. Qe3 Qxe3 18. Rxe3 Bxf3 19. Rxf3 Ne5 20. Re3
Nxd3 21. Rxd3 Rfe8 22. Nd4 g6 23. Rad1 Nd6 24. b3 Ne4 25. Nf3 Rc8 26. Rc1 Nf6
27. Kf1 b5 28. Re1 Kf8 29. Nd4 a6 30. f3 Nh5 31. Rxe8+ Rxe8 32. Ne2 Nf6 33. Nf4
Re5 34. Kf2 Ke7 35. Re3 Rxe3 36. Kxe3 Kd6 37. Kd4 Nd7 38. Nd3 g5 39. Nb4 Nc5
40. Nd3 Nxd3 41. Kxd3 Ke5 42. g3 f5 43. Ke3 f4+ 44. gxf4+ gxf4+ 45. Kd3 a5 46.
a4 bxa4 47. bxa4 h5 48. h4 Ke6 1/2-1/2

[Event "XXVIII Festival A"]
[Site "Arco ITA"]
[Date "2006.10.26"]
[Round "6"]
[White "Perich, Stefano"]
[Black "Schrott, Ernst"]
[Result "1/2-1/2"]
[WhiteElo "1998"]
[BlackElo "2070"]
[PlyCount "59"]
[EventDate "2006.10.21"]

1. d4 Nf6 2. Nf3 g6 3. g3 b5 4. Bg2 Bb7 5. O-O Bg7 6. a4 b4 7. c4 O-O 8. Nbd2
c5 9. d5 d6 10. Rb1 e5 11. e4 Bc8 12. b3 Nh5 13. Ne1 f5 14. f3 Bh6 15. Qe2 Qg5
16. Rf2 Qe7 17. Nf1 f4 18. g4 Ng7 19. Nd2 Bg5 20. Rb2 a5 21. Bf1 Bh4 22. Rg2
Kf7 23. Nd3 Ke8 24. Nb1 Ra7 25. Bd2 Qf6 26. Be1 Bg5 27. Qf2 Qd8 28. h4 Be7 29.
Rh2 Rg8 30. Bg2 1/2-1/2

[Event "XXVIII Festival A"]
[Site "Arco ITA"]
[Date "2006.10.26"]
[Round "6"]
[White "Perryman, Marcus"]
[Black "Morselli, Stefano"]
[Result "0-1"]
[WhiteElo "1990"]
[BlackElo "1896"]
[PlyCount "50"]
[EventDate "2006.10.21"]

1. e4 g6 2. d4 Bg7 3. Nf3 d6 4. h3 Nf6 5. Nc3 O-O 6. Be3 Nbd7 7. g3 c5 8. Bg2
cxd4 9. Nxd4 Ne5 10. O-O Bd7 11. Qe2 Rc8 12. Rad1 Nc4 13. Bc1 Qb6 14. Nb3 a5
15. a4 Rc7 16. g4 h6 17. Kh2 Rfc8 18. f4 e6 19. Rd3 Qb4 20. g5 Nh5 21. Bf3 Nxb2
22. Na2 Qa3 23. Bxh5 Rxc2 24. Nd2 Qxd3 25. Qxd3 Nxd3 0-1

[Event "XXVIII Festival A"]
[Site "Arco ITA"]
[Date "2006.10.26"]
[Round "6"]
[White "Pieri, Enzo"]
[Black "Dalla Vecchia, Paolo"]
[Result "0-1"]
[WhiteElo "1931"]
[BlackElo "1802"]
[PlyCount "88"]
[EventDate "2006.10.21"]

1. e4 e5 2. Nf3 Nc6 3. Bb5 a6 4. Ba4 Nf6 5. O-O Be7 6. Re1 b5 7. Bb3 d6 8. c3
O-O 9. d4 Re8 10. a4 Bb7 11. axb5 axb5 12. Rxa8 Qxa8 13. Ng5 Rf8 14. Na3 b4 15.
Nc4 bxc3 16. bxc3 exd4 17. cxd4 h6 18. Nf3 Rd8 19. Nh4 d5 20. exd5 Rxd5 21. Ne5
Nxe5 22. Bxd5 Nxd5 23. Nf5 Ng6 24. Nxe7+ Ndxe7 25. Qg4 Bc8 26. Qg3 Qc6 27. h4
Nf5 28. Qg4 Ngxh4 29. Bxh6 Be6 30. Bxg7 Qxg2+ 31. Qxg2 Nxg2 32. Kxg2 Kxg7 33.
Rd1 Bd5+ 34. Kh3 Kg6 35. Kg4 Kf6 36. Kf4 c6 37. Rd3 Nh4 38. Rd2 Ng6+ 39. Kg4
Be6+ 40. Kg3 Kf5 41. Re2 Bd5 42. Re3 f6 43. Re8 Nf4 44. Re3 Ne6 0-1

[Event "XXVIII Festival A"]
[Site "Arco ITA"]
[Date "2006.10.26"]
[Round "6"]
[White "Pipitone, Antonio"]
[Black "Lupini, Stefano"]
[Result "0-1"]
[WhiteElo "1978"]
[BlackElo "1790"]
[PlyCount "90"]
[EventDate "2006.10.21"]

1. e4 c5 2. Nf3 e6 3. d4 cxd4 4. Nxd4 a6 5. c4 Nf6 6. Nc3 Qc7 7. Bd3 Nc6 8.
Nxc6 dxc6 9. O-O e5 10. h3 Bc5 11. Qe2 Be6 12. Be3 Bxe3 13. Qxe3 Nd7 14. a4 Qb6
15. Qd2 a5 16. b3 O-O 17. Bc2 Rfd8 18. Rad1 Nf6 19. Qg5 Qc7 20. Ne2 h6 21. Qc1
Rxd1 22. Rxd1 Rd8 23. Rd2 Rd7 24. Rxd7 Qxd7 25. Qe3 b6 26. f4 Qe7 27. f5 Bc8
28. Bd3 Qd6 29. Kh2 Bxf5 30. g4 Bxg4 31. Ng3 Bd7 32. Bf1 Qd4 33. Qf3 c5 34. Bg2
Qd2 35. Ne2 Bc6 36. Ng3 Qf4 37. Qxf4 exf4 38. Ne2 Bxe4 39. Nxf4 Bc2 40. Bc6
Bxb3 41. Bb5 g5 42. Nd3 Ne4 43. Ne5 Nd6 44. Kg3 Nxb5 45. axb5 a4 0-1

[Event "XXVIII Festival A"]
[Site "Arco ITA"]
[Date "2006.10.26"]
[Round "6"]
[White "Pivovarov, Michail"]
[Black "Prakken, Gerrit"]
[Result "1/2-1/2"]
[WhiteElo "1891"]
[BlackElo "2180"]
[PlyCount "50"]
[EventDate "2006.10.21"]

1. Nf3 Nf6 2. g3 d5 3. Bg2 e6 4. d3 c5 5. O-O Nc6 6. Nbd2 Be7 7. e4 b6 8. e5
Nd7 9. Re1 Qc7 10. d4 cxd4 11. Nb3 d3 12. cxd3 Nb4 13. Nbd4 Ba6 14. Bf1 Nc5 15.
Re3 O-O 16. a3 Nc6 17. Nxc6 Qxc6 18. b4 Na4 19. Bd2 Rfc8 20. Nd4 Qd7 21. Qb3
Rc7 22. Ree1 Rac8 23. Rac1 Bb7 24. Rxc7 Rxc7 25. Rc1 Rxc1 1/2-1/2

[Event "XXVIII Festival A"]
[Site "Arco ITA"]
[Date "2006.10.26"]
[Round "6"]
[White "Poletti, Fausto"]
[Black "Mora, Massimo"]
[Result "1/2-1/2"]
[WhiteElo "2053"]
[BlackElo "1847"]
[PlyCount "42"]
[EventDate "2006.10.21"]

1. Nf3 c5 2. c4 Nc6 3. Nc3 g6 4. g3 Bg7 5. Bg2 f5 6. O-O Nf6 7. d4 cxd4 8. Nxd4
O-O 9. Nxc6 dxc6 10. Qb3 e5 11. e4 Qe7 12. Qc2 Be6 13. b3 f4 14. f3 fxg3 15.
hxg3 Rad8 16. Be3 b6 17. Rad1 Nh5 18. Ne2 Bf6 19. Rxd8 Rxd8 20. Rd1 Kf7 21.
Rxd8 Qxd8 1/2-1/2

[Event "XXVIII Festival A"]
[Site "Arco ITA"]
[Date "2006.10.26"]
[Round "6"]
[White "Rametta, Marcello"]
[Black "Samarian, Cornel"]
[Result "1-0"]
[WhiteElo "1780"]
[BlackElo "1937"]
[PlyCount "131"]
[EventDate "2006.10.21"]

1. e4 e5 2. Bc4 Nf6 3. d3 Be7 4. Nf3 d6 5. Bg5 O-O 6. Nbd2 h6 7. Bh4 Nh7 8.
Bxe7 Qxe7 9. Qe2 Nc6 10. c3 a6 11. Bb3 Be6 12. Bxe6 fxe6 13. g3 Rf7 14. Nh4 Rf6
15. O-O-O Qf7 16. Rdf1 Rf8 17. f3 Qe8 18. Nc4 g5 19. Ng2 Qf7 20. Ne1 Ne7 21.
Ne3 h5 22. h4 g4 23. fxg4 Qg7 24. g5 Rxf1 25. Rxf1 Rxf1 26. Nxf1 Qg6 27. Nc2
Qf7 28. Nd2 Kg7 29. d4 exd4 30. cxd4 d5 31. exd5 Nxd5 32. Nf3 Nf8 33. Ne5 Qe8
34. Qf3 c6 35. Kd2 Nh7 36. Ne3 Ne7 37. Ng2 Nd5 38. Qb3 Qe7 39. a3 Nf8 40. Qf3
Qe8 41. Nf4 Nxf4 42. gxf4 Nh7 43. f5 exf5 44. Qxf5 a5 45. Nc4 Qd8 46. Qe5+ Kg8
47. Nxa5 Qd7 48. Qe4 Nf8 49. Nb3 b6 50. Nc1 c5 51. Ne2 cxd4 52. Nxd4 Qd6 53.
Ke3 Qg3+ 54. Nf3 Qc7 55. Qd5+ Kh7 56. Ne5 Kg7 57. Nc6 Qg3+ 58. Qf3 Qe1+ 59. Kd3
Qb1+ 60. Kc3 Qe1+ 61. Kc2 Qe6 62. Nd4 Qe5 63. Nf5+ Kg6 64. Nh6 Qc5+ 65. Kb1 Qe7
66. Qd3+ 1-0

[Event "XXVIII Festival A"]
[Site "Arco ITA"]
[Date "2006.10.26"]
[Round "6"]
[White "Ricci, Alfredo"]
[Black "Di Lazzaro, Gabriele"]
[Result "1-0"]
[WhiteElo "2059"]
[BlackElo "1986"]
[PlyCount "101"]
[EventDate "2006.10.21"]

1. e4 c5 2. Nf3 g6 3. Bc4 Bg7 4. Nc3 Nc6 5. d3 Na5 6. Bb3 Nxb3 7. axb3 d6 8.
Be3 Nf6 9. h3 O-O 10. O-O b6 11. Re1 Bb7 12. Bg5 a6 13. Qd2 Qc7 14. Rad1 b5 15.
Bxf6 Bxf6 16. Nd5 Bxd5 17. exd5 a5 18. Re2 a4 19. d4 axb3 20. cxb3 Ra2 21. Rc1
Rfa8 22. Rc2 Kg7 23. Qf4 Qb6 24. dxc5 Ra1+ 25. Kh2 dxc5 26. g4 Qd6 27. Qxd6
exd6 28. g5 Bd8 29. h4 R1a7 30. Nd2 Re7 31. Ne4 Re5 32. Nc3 Rxe2 33. Rxe2 b4
34. Ne4 Ra1 35. Kg2 Ra6 36. f4 Kf8 37. Kf3 Be7 38. Ng3 Ra7 39. f5 gxf5 40. Nxf5
Rd7 41. Kg4 f6 42. Kh5 fxg5 43. Nxe7 Rxe7 44. Rxe7 Kxe7 45. hxg5 Kf7 46. Kh6
Kg8 47. g6 Kh8 48. gxh7 c4 49. bxc4 b3 50. c5 dxc5 51. d6 1-0

[Event "XXVIII Festival A"]
[Site "Arco ITA"]
[Date "2006.10.26"]
[Round "6"]
[White "Romagnoli, Roberto"]
[Black "Agostini, Guillermo"]
[Result "1/2-1/2"]
[WhiteElo "2138"]
[BlackElo "2010"]
[PlyCount "28"]
[EventDate "2006.10.21"]

1. c4 c5 2. Nf3 g6 3. g3 Bg7 4. Bg2 Nc6 5. O-O d6 6. d3 e5 7. Nc3 Nge7 8. Rb1
O-O 9. a3 Rb8 10. b4 Nd4 11. e3 Ne6 12. Bb2 Nf5 13. Nd5 f6 14. Re1 Nc7 1/2-1/2

[Event "XXVIII Festival A"]
[Site "Arco ITA"]
[Date "2006.10.26"]
[Round "6"]
[White "Shaw, John Kerr"]
[Black "Isonzo, David"]
[Result "1/2-1/2"]
[WhiteElo "2473"]
[BlackElo "2345"]
[PlyCount "62"]
[EventDate "2006.10.21"]

1. e4 e5 2. Nf3 Nc6 3. Bb5 Bc5 4. O-O Nd4 5. Nxd4 Bxd4 6. c3 Bb6 7. d4 c6 8.
Ba4 d6 9. Na3 Nf6 10. Bg5 h6 11. Bxf6 Qxf6 12. d5 Bd7 13. Nc4 Bc7 14. dxc6 bxc6
15. Qd3 O-O 16. Rad1 Rfd8 17. Rd2 Qf4 18. g3 Qf6 19. Ne3 Rac8 20. Qe2 Qg6 21.
Nc4 Bg4 22. f3 Bh3 23. Rfd1 d5 24. exd5 Rxd5 25. Bc2 Rxd2 26. Rxd2 Bf5 27. Bxf5
Qxf5 28. Kg2 Re8 29. Qd3 e4 30. fxe4 Rxe4 31. Re2 Rxe2+ 1/2-1/2

[Event "XXVIII Festival A"]
[Site "Arco ITA"]
[Date "2006.10.26"]
[Round "6"]
[White "Tomassoni, Leonardo"]
[Black "Del Nevo, Claudio"]
[Result "1-0"]
[WhiteElo "2020"]
[BlackElo "1917"]
[PlyCount "67"]
[EventDate "2006.10.21"]

1. e4 d6 2. d4 Nf6 3. Nc3 g6 4. h3 Bg7 5. Nf3 O-O 6. Be3 c6 7. Qd2 b5 8. a3 a6
9. Bd3 Bb7 10. O-O Nbd7 11. Bh6 c5 12. Bxg7 Kxg7 13. Rfe1 c4 14. Bf1 e5 15. d5
Nc5 16. Qe3 Nh5 17. Nxe5 f5 18. exf5 Rxf5 19. Qd4 Qf6 20. Nc6 Bxc6 21. Qxf6+
Rxf6 22. dxc6 Nf4 23. Rad1 Raf8 24. Rd2 d5 25. g3 Nh5 26. Re7+ Kh6 27. c7 Nxg3
28. Nxd5 Nxf1 29. Nxf6 Nxd2 30. Re8 Nf3+ 31. Kh1 Rxf6 32. c8=Q Rf5 33. Re7 Rg5
34. Qf8+ 1-0

[Event "XXVIII Festival A"]
[Site "Arco ITA"]
[Date "2006.10.26"]
[Round "6"]
[White "Traversi, Carlo"]
[Black "Gestrich, Wolfgang"]
[Result "1-0"]
[WhiteElo "1762"]
[BlackElo "1762"]
[PlyCount "129"]
[EventDate "2006.10.21"]

1. e4 e5 2. Nf3 Nf6 3. Nc3 d6 4. d4 exd4 5. Nxd4 Be7 6. Bd3 O-O 7. O-O Re8 8.
f3 a6 9. Re1 c5 10. Nde2 Nc6 11. Nf4 b5 12. Ncd5 Nxd5 13. Nxd5 Bf8 14. c4 h6
15. cxb5 Ne7 16. Nxe7+ Rxe7 17. bxa6 Bxa6 18. Bxa6 Rxa6 19. Be3 Rea7 20. Bxc5
Rb7 21. Ba3 Qb6+ 22. Kh1 Be7 23. Qe2 Bf6 24. Rac1 Kh7 25. Rcd1 Be5 26. g3 g5
27. Rd3 Qa7 28. Rb3 Rc7 29. Rd3 Rac6 30. Rd2 Qa5 31. Red1 Qb6 32. Kg2 Kg6 33.
Qd3 Rd7 34. Rc2 Rxc2+ 35. Qxc2 Rc7 36. Qe2 Rc6 37. b3 Qa6 38. Qxa6 Rxa6 39. Bb4
Rxa2+ 40. Rd2 Rxd2+ 41. Bxd2 Kf6 42. Kf2 Bd4+ 43. Ke2 Bg1 44. h3 Bh2 45. Be1
Bg1 46. Bf2 Bxf2 47. Kxf2 Ke5 48. Ke3 f5 49. b4 f4+ 50. gxf4+ gxf4+ 51. Kd3 Ke6
52. Kd4 Kd7 53. Kd5 h5 54. h4 Kc7 55. b5 Kb6 56. Kxd6 Kxb5 57. Ke5 Kc6 58. Kxf4
Kd6 59. Kf5 Ke7 60. f4 Kf7 61. Kg5 Ke6 62. Kg6 Ke7 63. Kg7 Ke6 64. f5+ Ke7 65.
f6+ 1-0

[Event "XXVIII Festival A"]
[Site "Arco ITA"]
[Date "2006.10.26"]
[Round "6"]
[White "Vezzosi, Paolo"]
[Black "Hackbarth, Wolfgang"]
[Result "1/2-1/2"]
[WhiteElo "2311"]
[BlackElo "2137"]
[PlyCount "44"]
[EventDate "2006.10.21"]

1. d4 Nf6 2. Nf3 b6 3. c4 e6 4. e3 Bb7 5. Nc3 Be7 6. Bd3 d5 7. cxd5 exd5 8. O-O
O-O 9. Qe2 g6 10. Ne5 Nbd7 11. f4 c5 12. Qf2 Ne4 13. Nxe4 dxe4 14. Bc4 Kg7 15.
f5 f6 16. Nxd7 Qxd7 17. Be6 Qc7 18. Bd2 Rad8 19. Bc3 Bd5 20. dxc5 Bxe6 21. cxb6
Qxb6 22. fxe6 Qxe6 1/2-1/2

[Event "XXVIII Festival A"]
[Site "Arco ITA"]
[Date "2006.10.26"]
[Round "6"]
[White "Vuelban, Virgilio"]
[Black "Trauth, Michael"]
[Result "1/2-1/2"]
[WhiteElo "2341"]
[BlackElo "2153"]
[PlyCount "63"]
[EventDate "2006.10.21"]

1. e4 c5 2. Nf3 Nc6 3. d4 cxd4 4. Nxd4 Nf6 5. Nc3 g6 6. Be3 Bg7 7. Bc4 O-O 8.
Bb3 a5 9. f3 d5 10. exd5 Nb4 11. Ndb5 a4 12. Bc4 Bf5 13. Nd4 Qc7 14. b3 Qe5 15.
Kf2 Rfd8 16. Qe2 Nfxd5 17. Nxd5 Nxd5 18. Bxd5 Rxd5 19. Rad1 axb3 20. axb3 Rad8
21. Nxf5 gxf5 22. Rxd5 Qxd5 23. f4 Bd4 24. Re1 Qe4 25. g3 Bxe3+ 26. Qxe3 Qxc2+
27. Re2 Qe4 28. Qb6 Rd6 29. Rxe4 Rxb6 30. Rxe7 Rxb3 31. Re5 Rb2+ 32. Kf3
1/2-1/2

[Event "XXVIII Festival A"]
[Site "Arco ITA"]
[Date "2006.10.26"]
[Round "6"]
[White "Wagman, Stuart"]
[Black "Valenti, Giuseppe"]
[Result "0-1"]
[WhiteElo "2125"]
[BlackElo "2252"]
[PlyCount "92"]
[EventDate "2006.10.21"]

1. e4 c5 2. Nf3 e6 3. d4 cxd4 4. Nxd4 a6 5. Bd3 Nf6 6. O-O Qc7 7. Nc3 d6 8. f4
Nbd7 9. Be3 b5 10. a3 Bb7 11. Qe2 Be7 12. Kh1 O-O 13. Bg1 g6 14. Nf3 Rfe8 15.
Rae1 Bf8 16. e5 dxe5 17. Nxe5 Bg7 18. Ne4 Nxe4 19. Bxe4 Bxe4 20. Qxe4 Nf6 21.
Qe2 Rac8 22. c3 Nd5 23. Bd4 f6 24. Nd3 Qd6 25. Rd1 e5 26. fxe5 fxe5 27. Bf2 Qc6
28. Nb4 Nxb4 29. axb4 Rcd8 30. Bg3 e4 31. h3 Bh6 32. Bh4 Rxd1 33. Rxd1 e3 34.
Bg3 Qc4 35. Re1 Qxe2 36. Rxe2 Rd8 37. Kg1 Rd1+ 38. Be1 Kf7 39. g3 Ke6 40. Kg2
Kd5 41. Kf3 Kc4 42. g4 Kd3 43. h4 Rd2 44. Rg2 Rxg2 45. Kxg2 Ke2 46. Bg3 Kd1 0-1

[Event "XXVIII Festival A"]
[Site "Arco ITA"]
[Date "2006.10.26"]
[Round "6"]
[White "Watson, Ron"]
[Black "Tocco, Paolo"]
[Result "0-1"]
[WhiteElo "2112"]
[BlackElo "2141"]
[PlyCount "68"]
[EventDate "2006.10.21"]

1. d4 f5 2. Bg5 c6 3. c3 Qb6 4. Qc2 d6 5. Nf3 h6 6. Bd2 Nf6 7. e3 e6 8. c4 Be7
9. Nc3 O-O 10. Bd3 c5 11. a3 cxd4 12. exd4 Nc6 13. d5 exd5 14. cxd5 Nd4 15.
Nxd4 Qxd4 16. O-O a6 17. Rfe1 Ng4 18. Bxh6 Ne5 19. Bc1 Nxd3 20. Rxe7 Ne5 21.
Qd2 Qg4 22. Qf4 Qxf4 23. Bxf4 Ng6 24. Bxd6 Nxe7 25. Bxe7 Re8 26. d6 Be6 27. Rd1
Kf7 28. Bg5 Bb3 29. Rc1 Ke6 30. Bf4 Kd7 31. h4 Rac8 32. g3 b5 33. Kg2 Rc5 34.
Kf3 Rxc3+ 0-1

[Event "XXVIII Festival A"]
[Site "Arco ITA"]
[Date "2006.10.27"]
[Round "7"]
[White "Acunzo, Domenico"]
[Black "Marson, Antonio"]
[Result "1/2-1/2"]
[WhiteElo "1778"]
[BlackElo "1864"]
[PlyCount "24"]
[EventDate "2006.10.21"]

1. e4 c6 2. d4 d5 3. exd5 cxd5 4. c4 Nf6 5. Nc3 dxc4 6. Bxc4 e6 7. Nf3 Be7 8.
O-O O-O 9. Re1 Re8 10. h3 Nc6 11. Be3 Na5 12. Bd3 Nc6 1/2-1/2

[Event "XXVIII Festival A"]
[Site "Arco ITA"]
[Date "2006.10.27"]
[Round "7"]
[White "Agostini, Guillermo"]
[Black "Castellano, Alfonso"]
[Result "0-1"]
[WhiteElo "2010"]
[BlackElo "1926"]
[PlyCount "60"]
[EventDate "2006.10.21"]

1. d4 Nf6 2. c4 g6 3. Nc3 Bg7 4. e4 d6 5. Nf3 O-O 6. Be2 e5 7. O-O Nbd7 8. d5
a5 9. Ne1 Nc5 10. Bg5 h6 11. Bh4 g5 12. Bg3 Nfxe4 13. Nxe4 Nxe4 14. f3 Nxg3 15.
hxg3 Bf5 16. Bd3 Bxd3 17. Nxd3 f5 18. Nf2 Qd7 19. g4 fxg4 20. Nxg4 Rf4 21. Qe2
e4 22. Nf2 exf3 23. gxf3 Raf8 24. Kg2 Rxf3 25. Qe6+ Qxe6 26. dxe6 Re3 27. Rae1
Rxe1 28. Rxe1 Re8 29. Nd3 b6 30. b4 Bc3 0-1

[Event "XXVIII Festival A"]
[Site "Arco ITA"]
[Date "2006.10.27"]
[Round "7"]
[White "Barlotti, Gabriele"]
[Black "Marini, Lucio"]
[Result "0-1"]
[WhiteElo "1676"]
[BlackElo "1902"]
[PlyCount "80"]
[EventDate "2006.10.21"]

1. d4 Nf6 2. c4 e6 3. Nc3 Bb4 4. e3 O-O 5. Nf3 b6 6. a3 Bxc3+ 7. bxc3 Nc6 8.
Bd3 d6 9. O-O Ba6 10. Qa4 Na5 11. Rd1 Qd7 12. Qb4 Kh8 13. d5 e5 14. e4 Rae8 15.
Bg5 Ng8 16. Re1 g6 17. Rad1 f5 18. Be3 f4 19. Bc1 Qe7 20. Qa4 g5 21. c5 Bxd3
22. cxd6 cxd6 23. Rxd3 g4 24. Nd2 Rc8 25. Bb2 Qc7 26. Qc2 Qc5 27. Rf1 Rf7 28.
Nb3 Nxb3 29. Qxb3 Nf6 30. Qb4 Qxb4 31. cxb4 Nxe4 32. Re1 Ng5 33. Bc1 Rfc7 34.
Rdd1 Rc2 35. Kf1 R8c4 36. Bd2 Ne4 37. Re2 f3 38. gxf3 gxf3 39. Rxe4 Rxe4 40.
Be3 Rh4 0-1

[Event "XXVIII Festival A"]
[Site "Arco ITA"]
[Date "2006.10.27"]
[Round "7"]
[White "Becker, Jonas"]
[Black "Wagman, Stuart"]
[Result "0-1"]
[WhiteElo "1922"]
[BlackElo "2125"]
[PlyCount "54"]
[EventDate "2006.10.21"]

1. d4 d5 2. Bf4 Nf6 3. h3 e6 4. e3 Bd6 5. Bxd6 Qxd6 6. c3 Nbd7 7. Bd3 e5 8. Ne2
e4 9. Bc2 b6 10. b3 Ba6 11. Nd2 O-O 12. c4 c6 13. O-O Rfe8 14. a3 Rad8 15. Re1
Nf8 16. Nc3 Qb8 17. Bb1 Bc8 18. b4 Be6 19. c5 b5 20. Qb3 Qc8 21. a4 a6 22. axb5
axb5 23. Nf1 Ng6 24. Ne2 Bxh3 25. gxh3 Qxh3 26. Nh2 Ng4 27. Nxg4 Nh4 0-1

[Event "XXVIII Festival A"]
[Site "Arco ITA"]
[Date "2006.10.27"]
[Round "7"]
[White "Bernardi, Ruben"]
[Black "Friedrich, Norbert"]
[Result "1/2-1/2"]
[WhiteElo "2114"]
[BlackElo "2309"]
[PlyCount "69"]
[EventDate "2006.10.21"]

1. e4 c5 2. Nf3 Nc6 3. d4 cxd4 4. Nxd4 Nf6 5. Nc3 e5 6. Ndb5 d6 7. Bg5 a6 8.
Na3 b5 9. Nd5 Be7 10. Bxf6 Bxf6 11. c3 Nb8 12. Nc2 Nd7 13. g3 O-O 14. Bg2 Bb7
15. Nce3 g6 16. h4 Bg7 17. h5 Nf6 18. hxg6 hxg6 19. Qd2 Bxd5 20. Nxd5 Nxd5 21.
Qxd5 Qb6 22. Rd1 Rfd8 23. Bh3 a5 24. Rd3 Ra7 25. Ke2 Rc7 26. Rf3 Qc5 27. Rd1 b4
28. Be6 Qa7 29. Bg4 Rc5 30. Qb3 Qa6+ 31. Ke1 Qc4 32. Re3 Bh6 33. Qxc4 Rxc4 34.
Be2 Rc6 35. Red3 1/2-1/2

[Event "XXVIII Festival A"]
[Site "Arco ITA"]
[Date "2006.10.27"]
[Round "7"]
[White "Bortolotti, Silvano"]
[Black "Pieri, Enzo"]
[Result "1/2-1/2"]
[WhiteElo "1744"]
[BlackElo "1931"]
[PlyCount "45"]
[EventDate "2006.10.21"]

1. e4 c5 2. c3 d6 3. d4 cxd4 4. cxd4 e6 5. Nc3 a6 6. a4 b6 7. Bd3 Nf6 8. Nf3
Be7 9. O-O O-O 10. e5 dxe5 11. dxe5 Ne8 12. Ne4 Nc6 13. Neg5 g6 14. Qd2 Nb4 15.
Bc4 Qxd2 16. Bxd2 Nd5 17. Nd4 Bb7 18. Rac1 Nec7 19. Bf4 Rac8 20. Rc2 a5 21.
Rfc1 Ba6 22. Nc6 Bc5 23. Ne4 1/2-1/2

[Event "XXVIII Festival A"]
[Site "Arco ITA"]
[Date "2006.10.27"]
[Round "7"]
[White "Bossoni, Mario"]
[Black "Fortunato, Vito"]
[Result "1/2-1/2"]
[WhiteElo "1970"]
[BlackElo "1866"]
[PlyCount "107"]
[EventDate "2006.10.21"]

1. e4 c5 2. d4 cxd4 3. c3 dxc3 4. Nxc3 Nc6 5. Nf3 e6 6. Bc4 Nf6 7. Qe2 Qc7 8.
O-O Ng4 9. g3 a6 10. Bb3 d6 11. h3 Nge5 12. Be3 Nxf3+ 13. Qxf3 Be7 14. Rac1 Rb8
15. Rfd1 Qd8 16. Qe2 O-O 17. f4 Bd7 18. Rd2 b5 19. Rcd1 Na5 20. e5 d5 21. Nxd5
Rb7 22. Nb6 Rxb6 23. Rxd7 Qb8 24. Rxe7 Rc6 25. Red7 Rcc8 26. Qd2 Nc6 27. Bc5
Nxe5 28. fxe5 Rxc5 29. Rd8 Rc8 30. Rxc8 Qxc8 31. Qd4 Qb7 32. Kf2 g6 33. Bc2 Rc8
34. Be4 Qe7 35. Kf3 Rc4 36. Qd8+ Qf8 37. Qxf8+ Kxf8 38. Rd6 a5 39. Bd3 Rb4 40.
b3 a4 41. bxa4 Rxa4 42. Bxb5 Rxa2 43. Rd7 Ra5 44. Rb7 Ra8 45. h4 Kg7 46. Kg4 h6
47. h5 gxh5+ 48. Kxh5 Ra2 49. Kg4 Rf2 50. Bd3 Rh2 51. Be4 Rf2 52. Rb3 Re2 53.
Bf3 Rh2 54. Rc3 1/2-1/2

[Event "XXVIII Festival A"]
[Site "Arco ITA"]
[Date "2006.10.27"]
[Round "7"]
[White "Bozzao, Francesco"]
[Black "Romagnoli, Roberto"]
[Result "1/2-1/2"]
[WhiteElo "1972"]
[BlackElo "2138"]
[PlyCount "33"]
[EventDate "2006.10.21"]

1. e4 e6 2. d4 d5 3. Nd2 Nf6 4. e5 Nfd7 5. Bd3 c5 6. c3 Nc6 7. Ne2 b6 8. Nf3 a5
9. Bb5 Qc7 10. Qa4 Bb7 11. Ng3 Rc8 12. O-O h6 13. Be3 Be7 14. Rac1 c4 15. Nh5
g6 16. Nf4 Na7 17. Bxd7+ 1/2-1/2

[Event "XXVIII Festival A"]
[Site "Arco ITA"]
[Date "2006.10.27"]
[Round "7"]
[White "Burani, Eugenio"]
[Black "Diotallevi, Maurizio"]
[Result "1-0"]
[WhiteElo "2023"]
[BlackElo "2154"]
[PlyCount "105"]
[EventDate "2006.10.21"]

1. e4 e6 2. d4 d5 3. e5 c5 4. c3 Nc6 5. Nf3 Bd7 6. Be2 f6 7. O-O Qc7 8. Re1
fxe5 9. Nxe5 Nxe5 10. dxe5 g6 11. f4 Ne7 12. Be3 Nf5 13. Bf2 Bh6 14. g3 b5 15.
Na3 Rb8 16. Nc2 a5 17. Ne3 Nxe3 18. Bxe3 O-O 19. Qd2 Rfc8 20. Bf3 b4 21. f5
Bxe3+ 22. Qxe3 Rf8 23. f6 Rfe8 24. Rf1 Bc8 25. Bxd5 Qf7 26. Bc6 Rf8 27. Qxc5
Qc7 28. Qd6 Qxd6 29. exd6 Rb6 30. f7+ Kg7 31. Be8 Rxd6 32. Rad1 Rb6 33. c4 Rb7
34. b3 Rc7 35. Rd6 Rc5 36. Rd8 Bb7 37. Rd6 Bc8 38. Rb6 Rc7 39. Rd1 a4 40. Rxb4
axb3 41. axb3 Kf6 42. Kf2 g5 43. Ke3 Ke7 44. h4 h6 45. hxg5 hxg5 46. Rb5 Ba6
47. Rxg5 Rb7 48. Rd3 Rc7 49. Rd4 Rb7 50. Rd3 Rc7 51. g4 Bb7 52. Rg8 Rc5 53.
Rd7+ 1-0

[Event "XXVIII Festival A"]
[Site "Arco ITA"]
[Date "2006.10.27"]
[Round "7"]
[White "Cardili, Mariano"]
[Black "Luciani, Valerio"]
[Result "1/2-1/2"]
[WhiteElo "2079"]
[BlackElo "2229"]
[PlyCount "54"]
[EventDate "2006.10.21"]

1. d4 d5 2. c4 c6 3. Nf3 Nf6 4. Nc3 dxc4 5. a4 Bf5 6. e3 e6 7. Bxc4 Bb4 8. O-O
O-O 9. Qe2 Nbd7 10. e4 Bg6 11. Bd3 Bh5 12. e5 Nd5 13. Nxd5 cxd5 14. Qe3 Bg6 15.
Bxg6 fxg6 16. Ng5 Re8 17. Bd2 Bxd2 18. Qxd2 h6 19. Nh3 Qb6 20. Nf4 Nf8 21. h4
Rac8 22. Rfc1 Rc6 23. Rxc6 Qxc6 24. Qd3 Kf7 25. Qf3 Kg8 26. Qd3 Kf7 27. Qf3 Kg8
1/2-1/2